000 01012nam a2200289 i 4500
003 DO-SdBNP
005 20250509085023.0
007 ta
008 230710b200- dr a | 00| 0 spa d
020 _a9789945465785
040 _aDO-SdBNP
_bspa
_cBPMSU
_erda
082 4 _aRD863.5
_bT233m
_222
100 1 _aTaveras, Amy,
_eautora
245 1 0 _aMarie miel /
_cAmy Taveras ; edición, Daniel Torres Mata ; corrección, Arsenio Hernández Fortuna ; ilustraciones Víctor Manuel
264 1 _aSanto Domingo :
_bEdiciones CP,
_c200-.
300 _a23 páginas :
_bIlustraciones ;
_c23 cm.
490 0 _aSuperhéroes de la vida
590 _aInventariado 2023/VM
650 4 _acuentos intantiles dominicanos
650 4 _aLiteratura infantil dominicana
650 4 _aAbejas Cuentos infantiles
700 1 _aTorres Mata, Daniel,
_eedición
700 1 _aHernández Fortuna, Arsenio,
_ecorrección
700 1 _aManuel, Víctor,
_eilustraciones
910 _aVMateo V. Control de calidad. BPMSU
942 _2ddc
_cBK
999 _c14460
_d14460